Sanskrit vagmaye krishi vigyanam/ (Record no. 40494)

000 -LEADER
fixed length control field 00309nam a22001331a 4500
020 ## - INTERNATIONAL STANDARD BOOK NUMBER
ISBN 9788170816430
082 ## - DEWEY DECIMAL CLASSIFICATION NUMBER
Classification number S 630
Item number NAV/S
100 ## - MAIN ENTRY--AUTHOR NAME
Personal name Navalatha
245 ## - TITLE STATEMENT
Title Sanskrit vagmaye krishi vigyanam/
Statement of responsibility, etc by Navalatha
260 ## - PUBLICATION, DISTRIBUTION, ETC. (IMPRINT)
Place of publication Delhi:
Name of publisher Nag,
Year of publication 2007.
300 ## - PHYSICAL DESCRIPTION
Number of Pages 264p.
650 ## - SUBJECT ADDED ENTRY--TOPICAL TERM
Topical Term Agriculture
942 ## - ADDED ENTRY ELEMENTS (KOHA)
Koha item type Book
Holdings
Withdrawn status Lost status Damaged status Not for loan Permanent Location Current Location Date acquired Cost, normal purchase price Full call number Accession Number Cost, replacement price Price effective from Koha item type
        Sree Sankaracharya University of Sanskrit Sree Sankaracharya University of Sanskrit 08.01.2015 120.00 S 630 NAV/S 056816 0.00 08.01.2015 Book